| 000 | 00702cam a2200253 4500 | ||
|---|---|---|---|
| 008 | 090401t1990 xxu||||| |||| 00| 0 eng d | ||
| 020 | _a0851254284 | ||
| 035 | _a(Sirsi) u24789 | ||
| 041 | _aeng | ||
| 050 | _a690 | ||
| 110 | _aBuilding Research Establishment | ||
| 245 | _aClimate and site development. Part 1: general climate of the UK | ||
| 260 |
_aGarston, Watford _bBuilding Research Establishment _c1990 |
||
| 300 | _a4p. : ill. ; 30cm. | ||
| 350 | _a0 | ||
| 490 |
_aBRE Digest _v350 |
||
| 490 |
_aPart _v1 |
||
| 650 | _aCLIMATE | ||
| 650 | _aENERGY CONSUMPTION | ||
| 650 | _aMICROCLIMATE | ||
| 690 | _aBUILT ENVIRONMENT-CONSTRUCTION DESIGN | ||
| 942 | _n0 | ||
| 948 | _c04/03/1997 | ||
| 999 |
_c88608 _d88608 |
||